Historia de la iglesia en la América española, desde el descubrimiento hasta comienzos del siglo XIX. México. América Central. Antillas

Saved in:
書目詳細資料
主要作者: Egaña, Antonio de (Author)
格式: 圖書
語言:西班牙语
出版: Madrid Biblioteca de Autores Cristianos 1966
叢編:B.A.C., 248. Sección V historia y geografía
主題:
標簽: 添加標簽
沒有標簽, 成為第一個標記此記錄!

MARC

LEADER 00000nam a2200000 a 4500
001 UCP1272
003 CL-VaPUC
008 990401e19660000SP |||||||||||||||||spa|d
082 0 4 |a 282  |b EGA  |2 21 
100 0 |a Egaña, Antonio de  |e author  |9 427217 
245 1 0 |a Historia de la iglesia en la América española, desde el descubrimiento hasta comienzos del siglo XIX. México. América Central. Antillas 
300 |a 1125 p 
942 |c BK 
945 |d 19990401 00:00:00  |a lazolas 
260 |a Madrid  |b Biblioteca de Autores Cristianos  |c 1966 
650 0 |a Iglesia Católica  |9 256114 
650 0 |a Iglesia latinoamericana  |9 427218 
650 7 |a HISTORIA DE LA IGLESIA SIGLOS 15-19  |2 CL-VaPUC  |9 427219 
583 |a last modification  |c 20160810 05:44:26  |k Rodrigo Vera 
490 0 |a B.A.C., 248. Sección V historia y geografía 
999 |c 279966  |d 279964 
952 |0 0  |1 0  |4 0  |6 282_000000000000000_EGA_1966  |7 0  |8 A  |9 319912  |a BIBHIS  |b BIBHIS  |d 2019-11-20  |i 133283K  |o 282 EGA 1966  |p 133283K  |r 2025-01-20  |w 2019-11-20  |y BK  |k HIS 
952 |0 0  |1 0  |4 0  |6 282_000000000000000_EGA_1966  |7 0  |8 A  |9 319913  |a BIBHIS  |b BIBHIS  |d 2019-11-20  |i 1332821  |l 2  |m 1  |o 282 EGA 1966  |p 1332821  |r 2025-01-20  |s 2023-12-14  |w 2019-11-20  |y BK  |k HIS 
952 |0 0  |1 0  |4 0  |6 282_000000000000000_EGA_1966  |7 0  |8 A  |9 319914  |a BIBTEO  |b BIBTEO  |d 2019-11-20  |i 2101408  |o 282 EGA 1966  |p 2101408  |r 2024-01-18  |w 2019-11-20  |y BK  |k ICR 
952 |0 0  |1 0  |4 0  |6 282_000000000000000_EGA_1966  |7 0  |8 A  |9 319915  |a BIBTEO  |b BIBTEO  |d 2019-11-20  |i 2101416  |o 282 EGA 1966  |p 2101416  |r 2024-01-18  |w 2019-11-20  |y BK  |k ICR